Κλασικοί της μοντέρνας τέχνης
Αποθηκεύτηκε σε:
| Συγγραφή απο Οργανισμό/Αρχή: | |
|---|---|
| Άλλοι συγγραφείς: | |
| Μορφή: | Βιβλίο |
| Γλώσσα: | Greek |
| Δημοσίευση: |
Ανδρος :
Ιδρυμα Βασίλη και Ελίζας Γουλανδρή,
1999.
|
| Θέματα: | |
| Ετικέτες: |
Προσθήκη ετικέτας
Δεν υπάρχουν, Καταχωρήστε ετικέτα πρώτοι!
|
MARC
| LEADER | 00000cam a2200000 i 4500 | ||
|---|---|---|---|
| 001 | 1/13192 | ||
| 008 | 001120s1999 gr | ||| |||| ||gre|| | ||
| 035 | |l 10064521 | ||
| 040 | |a GR-MyUa |b gre |e AACR2 | ||
| 041 | 0 | |a gre | |
| 082 | 7 | |a 707.4 |2 (22) | |
| 245 | 0 | 0 | |a Κλασικοί της μοντέρνας τέχνης / |c επιμέλεια έκθεσης Κυριάκος Κουτσομάλλης. |
| 260 | |a Ανδρος : |b Ιδρυμα Βασίλη και Ελίζας Γουλανδρή, |c 1999. | ||
| 300 | |a 179 σ. : |b εικ. ; |c 30 εκ. | ||
| 500 | |a Κατάλογος έκθεσης που πραγματοποιήθηκε στο Μουσείο Σύγχρονης Τέχνης, Άνδρος, 27 Ιουνίου-19 Σεπτεμβρίου 1999. | ||
| 504 | |a Περιλαμβάνει βιβλιογραφία. | ||
| 650 | 0 | |a Art, Modern |y 19th century |x Exhbitions. | |
| 650 | 0 | |a Art, Modern |y 20th century |x Exhibitions. | |
| 700 | 1 | |a Κουτσομάλλης, Κυριάκος, |e cur | |
| 710 | 2 | |a Ιδρυμα Βασίλη & Ελίζας Γουλανδρή. | |
| 852 | |a INST |b SYROS |c KYK |e 20001120 |h 707.4 ΚΛΑ |p 005500002261 |q 005500002261 |t BK |y 0 | ||
| 901 | |a BIBL5-2000-3 | ||
| 922 | |a 5ΕΛΗ |b 200010 |c Βιβλιοθήκη |d Μιχαλόπουλος | ||
| 950 | |a 183-2000-09-18 | ||
| 970 | |a Πουρνάρας |b Δημήτρης |z 08/12/2000 | ||